000 00684nam a22002177a 4500
003 UA-OsUOA
001 76142
007 ta
008 20110615b un ||||| |||| 00| 0 ukr d
100 _aОльсевич Ю.
090 _a330
_bО-56
942 _cSA
040 _aUA-OsUOA
_brus
_cUA-OsUOA
_dUA-OsUOA
245 _aПсихология рынка и экономическая власть (о психологическом подходе А. Гринспена к анализу экономических проблем)
300 _aС.99-119
955 _a0
041 _arus
080 _a330
773 0 _w76141
650 7 _a330 Економіка взагалі
_2UDC
999 _c362420
_d362420